000 00395nam a22001697a 4500
005 20251108174956.0
008 250721s2008 xx 000 0 eng d
082 1 4 _a811.9565/shu
100 1 _ashuqair, najah
245 1 0 _aEnter my heart /
264 1 _acanada :
_bA rchives,
_c2008.
300 _a30p.
650 1 7 _apoetry
650 1 7 _aliterature
942 _2ddc
_cBK
999 _c122940
_d122940